"Bon Michel- D’Arc Antoine Rapport sur l’homosexualitè de l’homme" (Record n. 35481)
[ formato base ]
| 000 -LEADER | |
|---|---|
| fixed length control field | 00587nam a2200253Ia 4500 |
| 003 - CONTROL NUMBER IDENTIFIER | |
| control field | IT-RoPAU |
| 008 - FIXED-LENGTH DATA ELEMENTS--GENERAL INFORMATION | |
| fixed length control field | 120407s9999 xx 000 0 und d |
| 040 ## - CATALOGING SOURCE | |
| Original cataloging agency | IT-RoPAU |
| 040 ## - CATALOGING SOURCE | |
| Transcribing agency | IT-RoPAU |
| 041 ## - LANGUAGE CODE | |
| Language code of text/sound track or separate title | fra |
| 100 ## - MAIN ENTRY--PERSONAL NAME | |
| Personal name | Michel Bon |
| 245 ## - TITLE STATEMENT | |
| Title | "Bon Michel- D’Arc Antoine Rapport sur l’homosexualitè de l’homme" |
| 250 ## - EDITION STATEMENT | |
| Edition statement | Paris. |
| 260 ## - PUBLICATION, DISTRIBUTION, ETC. (IMPRINT) | |
| Place of publication, distribution, etc. | Ed. Universitaires |
| 260 ## - PUBLICATION, DISTRIBUTION, ETC. (IMPRINT) | |
| Date of publication, distribution, etc. | 1974 |
| 300 ## - PHYSICAL DESCRIPTION | |
| Extent | 524 p. |
| 300 ## - PHYSICAL DESCRIPTION | |
| Dimensions | 23,5 cm |
| 490 ## - SERIES STATEMENT | |
| Volume/sequential designation | 1 |
| 600 ## - SUBJECT ADDED ENTRY--PERSONAL NAME | |
| Personal name | D’Arc Antoin coll. |
| 700 ## - ADDED ENTRY--PERSONAL NAME | |
| Personal name | Antoine D’Arc |
| 700 ## - ADDED ENTRY--PERSONAL NAME | |
| Titles and other words associated with a name | coll |
| 942 ## - ADDED ENTRY ELEMENTS (KOHA) | |
| Koha item type | LIBRO |
| Withdrawn status | Lost status | Source of classification or shelving scheme | Damaged status | Not for loan | Home library | Current library | Date acquired | Total Checkouts | Full call number | Date last seen | Price effective from | Koha item type | Public note |
|---|---|---|---|---|---|---|---|---|---|---|---|---|---|
| Dewey Decimal Classification | Buone Condizioni | Not For Loan | PAULUS-BIBLIOTECA | PAULUS-BIBLIOTECA | 11/04/2012 | 301.4.21 | 11/04/2012 | 11/04/2012 | LIBRO | Inserito da: Mario In data: 06 agosto 2011 fondo: Via A.Severo 56 Progr:2154 |